Cost Accounting I/ (Record no. 192457)

MARC details
000 -LEADER
fixed length control field 00720nam a22002177a 4500
005 - DATE AND TIME OF LATEST TRANSACTION
control field 20220922120921.0
010 ## - LCCN (DPL NO)
LC control number ENG-135182
020 ## - INTERNATIONAL STANDARD BOOK NUMBER
International Standard Book Number 9789352836383
Terms of availability 200.00
035 ## - SYSTEM CONTROL NUMBER
System control number EN-118714
037 ## - SOURCE OF ACQUISITION
Source of stock number/acquisition DBAD/PUB
082 ## - DEWEY DECIMAL CLASSIFICATION NUMBER
Classification number 657.42
100 ## - MAIN ENTRY--PERSONAL NAME
Personal name Shukla, M C
245 ## - TITLE STATEMENT
Title Cost Accounting I/
Statement of responsibility, etc M C Shukla, T S Grewal and M P Gupta
260 ## - PUBLICATION, DISTRIBUTION, ETC. (IMPRINT)
Place of publication, distribution, etc Delhi
Name of publisher, distributor, etc S. Chand
Date of publication, distribution, etc 2019
270 ## - ADDRESS
Address 7361, Ram Nagar, Qutab Road
City New Delhi
Postal code 110055
Telephone number 23672080-81-82, 66672000
Fax number 91-11-23677446
Electronic mail address info@schandpublishing.com
300 ## - PHYSICAL DESCRIPTION
Extent v.p.
Dimensions 24cm.(pbk)
500 ## - GENERAL NOTE
General note As per B.Com. CBCS Curriculum, The University of Burdwan<br/>
700 ## - ADDED ENTRY--PERSONAL NAME
Personal name Grewal, T S.
700 ## - ADDED ENTRY--PERSONAL NAME
Personal name Gupta, M P
942 ## - ADDED ENTRY ELEMENTS (KOHA)
Item type English Books
Classification part 657.42
Source of classification or shelving scheme Dewey Decimal Classification
Call number suffix SHU
Holdings
Withdrawn status Lost status Not for loan Collection code Home library Current library Date acquired Source of acquisition Cost, normal purchase price Full call number Barcode Copy number Cost, replacement price Koha item type
      Non-fiction Bawana Bawana 22/09/2022 DBAD/PUB 200.00 657.42 SHU EN-118714 1 200.00 English Books

© Delhi Public Library
Hit Counter
free hit counter